000 00365nam a2200157Ia 4500
008 230524s9999 xx 000 0 und d
082 _a530
_bKHN
100 _aMd.N.Khan
245 0 _aConcepts in Engineering Physics Part-I
250 _a1ST
260 _aBBSR
_bAlok
_c2005
300 _a680
500 _aQuantity Number: 80
650 _aPhysics
942 _cBK
999 _c6480
_d6480